Songs from The Film Chitty Chitty Bang Bang - Statistics

General Stats
  • This quiz has been taken 38 times
  • The average score is 8 of 9
Answer Stats
Question Answer % Correct
?? Truly Scrumptious
100%
?? You Two
100%
?? Hushabye Mountain
91%
?? Me 'Ol Bamboo
91%
?? My Chu-Chi Face
91%
?? Posh
91%
?? Toot Sweets
91%
?? Lovely Lonely Man
73%
?? The Roses Of Success
73%
No matching quizzes found
Score Distribution
Percent of People with Each Score
Percentile by Number Answered
Your Score History
You have not taken this quiz